[Event "Championnat de France - Open C"]
[Site "Nimes"]
[Date "2009.08.13"]
[Round "3.9"]
[White "Testa, Stephane"]
[Black "Prieur, Axel"]
[Result "0-1"]
[WhiteElo "1761"]
[BlackElo "1698"]
[PlyCount "122"]
[EventDate "2009.??.??"]

1. e4 e5 2. f4 d5 3. exd5 e4 4. d3 Qxd5 5. Nc3 Bb4 6. Bd2 Bxc3 7. Bxc3 f6 8.
dxe4 Qxe4+ 9. Qe2 Qxe2+ 10. Bxe2 Bf5 11. O-O-O Nd7 12. Bf3 O-O-O 13. Ne2 Nh6
14. h3 Rhe8 15. Nd4 Be4 16. Bxe4 Rxe4 17. f5 Nf8 18. g4 c5 19. Nb5 Rxd1+ 20.
Rxd1 Re3 21. Nxa7+ Kc7 22. Nb5+ Kc6 23. a4 Nf7 24. h4 Re4 25. b3 Rxg4 26. Re1
Nd6 27. Nxd6 Kxd6 28. Re8 Nd7 29. Re6+ Kd5 30. Re7 Kd6 31. Re6+ Kd5 32. Be1 Re4
33. Rxe4 Kxe4 34. Kd2 Kxf5 35. Kc3 Ne5 36. Bf2 Kg4 37. Bxc5 Kxh4 38. Bf2+ Kg4
39. b4 h5 40. b5 h4 41. a5 h3 42. Bg1 Kg3 43. a6 bxa6 44. bxa6 Nc6 45. a7 Nxa7
46. Bxa7 h2 47. Bb8+ Kg2 48. Bxh2 Kxh2 49. Kb4 g5 50. c4 g4 51. c5 g3 52. c6 g2
53. c7 g1=Q 54. c8=Q Qe1+ 55. Kb3 Qg3+ 56. Kb2 Qg2+ 57. Kb3 Qh3+ 58. Qxh3+ Kxh3
59. Kc3 f5 60. Kd3 f4 61. Ke2 Kg2 0-1

[Event "Championnat de France - Open C"]
[Site "Nimes"]
[Date "2009.08.13"]
[Round "3.10"]
[White "Brochard, Martin"]
[Black "Cepisul, Desire"]
[Result "0-1"]
[WhiteElo "1690"]
[BlackElo "1755"]
[PlyCount "81"]
[EventDate "2009.??.??"]

1. e4 d5 2. exd5 Nf6 3. c4 e6 4. dxe6 Bxe6 5. d4 c6 6. Nf3 Nbd7 7. Be2 Bb4+ 8.
Bd2 Be7 9. Nc3 Nb6 10. b3 Qc7 11. Qc2 h6 12. O-O O-O 13. Ne5 Rad8 14. Bf4 Rxd4
15. Bg3 Qc8 16. Bd3 Rfd8 17. h3 Nh5 18. Bh2 Bf6 19. Bh7+ Kh8 20. Nf3 R4d7 21.
Ne5 Rd2 22. Qb1 Nd7 23. Re1 Nxe5 24. Bxe5 Bxe5 25. Rxe5 Nf4 26. Bf5 Qc7 27. Re3
R8d4 28. Bg4 Qd7 29. Ne4 Bxg4 30. Nxd2 Bh5 31. Nf3 Bxf3 32. Rxf3 Ne2+ 33. Kf1
Nf4 34. Re3 Ne6 35. Qf5 Rd2 36. a4 Kg8 37. Rae1 Qd6 38. Qe5 Qe7 39. Rg3 Qd7 40.
Qa1 Qd8 41. Qf6 0-1

[Event "Championnat de France - Open C"]
[Site "Nimes"]
[Date "2009.08.14"]
[Round "4.1"]
[White "Macon, Arthur"]
[Black "Aumont, Alexandre"]
[Result "1-0"]
[WhiteElo "1791"]
[BlackElo "1722"]
[PlyCount "39"]
[EventDate "2009.??.??"]

1. d4 f5 2. g3 Nf6 3. Bg2 g6 4. Nf3 Bg7 5. O-O O-O 6. c4 d6 7. b4 c6 8. Bb2 Na6
9. Qb3 Nc7 10. Nbd2 e6 11. Rac1 Qe7 12. a4 Bd7 13. b5 Rad8 14. Rfd1 Rfe8 15.
Ba3 c5 16. dxc5 dxc5 17. Ne5 Bc8 18. Qe3 Nd7 19. Nxd7 Bd4 20. Qxd4 1-0

[Event "Championnat de France - Open C"]
[Site "Nimes"]
[Date "2009.08.14"]
[Round "4.2"]
[White "Lancelot, Renaud"]
[Black "Saucey, Capucine"]
[Result "1-0"]
[WhiteElo "1710"]
[BlackElo "1766"]
[PlyCount "71"]
[EventDate "2009.??.??"]

1. d4 c5 2. c3 d5 3. Bf4 Nc6 4. e3 Nf6 5. Be2 Qb6 6. Qb3 Qxb3 7. axb3 cxd4 8.
exd4 e6 9. Nf3 Ne4 10. Nbd2 Bd6 11. Bxd6 Nxd6 12. O-O O-O 13. Ra2 f6 14. b4 b5
15. Rfa1 e5 16. Nb3 Nc4 17. Bxc4 dxc4 18. Na5 Bd7 19. dxe5 Nxe5 20. Nxe5 fxe5
21. Nb7 Bc6 22. Nc5 Rf7 23. Ra6 Be8 24. Re6 Rf5 25. Re7 Rd8 26. Rexa7 Rd2 27.
Ra8 Kf8 28. Ne4 Rd7 29. f3 Ke7 30. Rb8 Rd5 31. Ra7+ Rd7 32. Rxd7+ Bxd7 33. Rb7
Kd8 34. Nc5 Bc6 35. Ne6+ Kc8 36. Rc7+ 1-0

[Event "Championnat de France - Open C"]
[Site "Nimes"]
[Date "2009.08.14"]
[Round "4.3"]
[White "Germond, Thierry"]
[Black "Malassagne, Jerome"]
[Result "0-1"]
[WhiteElo "1762"]
[BlackElo "1710"]
[PlyCount "122"]
[EventDate "2009.??.??"]

1. d4 Nf6 2. c4 c5 3. Nf3 g6 4. g3 Bg7 5. Bg2 O-O 6. O-O cxd4 7. Nxd4 Nc6 8.
Nc3 Nxd4 9. Qxd4 d6 10. Qd3 Nd7 11. b3 Ne5 12. Qc2 Rb8 13. Bb2 Bd7 14. Rad1 Qc8
15. Nd5 Re8 16. Ba3 Bf8 17. Qd2 Bh3 18. f4 Bxg2 19. Kxg2 Nd7 20. h3 Qc6 21. Kh2
Rbc8 22. Bb2 b6 23. f5 Ne5 24. Qf4 f6 25. fxg6 hxg6 26. h4 Bh6 27. Qe4 f5 28.
Qd4 Bg7 29. Kh3 Qd7 30. Nf4 Kh7 31. Bc1 Rcd8 32. Qd2 Ng4 33. Kg2 Qc6+ 34. Kh3
Qd7 35. Kg2 Qc6+ 36. Kh3 Qe4 37. Nxg6 Kxg6 38. Qg5+ Kh7 39. Rxf5 Nf6 40. Bb2
Rf8 41. Rf4 Qxe2 42. Bxf6 Qe6+ 43. Rg4 Qxf6 44. Qh5+ Qh6 45. Qd5 Bf6 46. Qf5+
Kh8 47. Rd5 Be5 48. Qe4 Rg8 49. Rxg8+ Rxg8 50. Rd3 Qe6+ 51. g4 Qg6 52. Qf3 Kh7
53. Qe2 Qh6 54. Rf3 Rf8 55. Rxf8 Qxf8 56. Qc2+ Kg7 57. Qg2 Qf4 58. g5 Qe3+ 59.
Kg4 Qf4+ 60. Kh3 Kg6 61. Qg1 Qf3+ 0-1

[Event "Championnat de France - Open C"]
[Site "Nimes"]
[Date "2009.08.14"]
[Round "4.4"]
[White "Cepisul, Desire"]
[Black "Baroudel, Hadrien"]
[Result "1/2-1/2"]
[WhiteElo "1755"]
[BlackElo "1709"]
[PlyCount "83"]
[EventDate "2009.??.??"]

1. d4 Nf6 2. c4 c5 3. d5 e5 4. Nc3 d6 5. Bg5 Be7 6. Nf3 O-O 7. h3 Ne8 8. Bd2 f5
9. e4 g6 10. Qb3 Na6 11. Be2 Nac7 12. O-O f4 13. Nh2 h5 14. Nb5 Ng7 15. Nxc7
Qxc7 16. g4 hxg4 17. Bxg4 Kf7 18. Kg2 Rb8 19. a4 Nh5 20. Rg1 Nf6 21. Bxc8 Qxc8
22. Qf3 b6 23. Kf1 a6 24. Qg2 Rg8 25. Ng4 Nxg4 26. Qxg4 b5 27. axb5 axb5 28.
cxb5 Qxg4 29. Rxg4 Rxb5 30. Bc3 Rh8 31. Rxf4+ exf4 32. Bxh8 Rb4 33. f3 Rb3 34.
Ra3 Rb7 35. Bc3 Bf6 36. Bxf6 Kxf6 37. Ra2 g5 38. Ra6 Ke5 39. Ra2 Rb3 40. Ke2
Re3+ 41. Kf2 Rb3 42. Ke2 1/2-1/2

[Event "Championnat de France - Open C"]
[Site "Nimes"]
[Date "2009.08.14"]
[Round "4.5"]
[White "Salgues, Michel"]
[Black "Bricquir, Stephane"]
[Result "1-0"]
[WhiteElo "1733"]
[BlackElo "1659"]
[PlyCount "79"]
[EventDate "2009.??.??"]

1. e4 d5 2. exd5 Nf6 3. d4 Nxd5 4. Bc4 Nb6 5. Bb3 Nc6 6. Ne2 e5 7. Be3 Na5 8.
O-O Bg4 9. Qd3 Nxb3 10. axb3 Be7 11. f3 Bh5 12. Qb5+ Nd7 13. dxe5 c6 14. Qxb7
Nxe5 15. Rxa7 Rxa7 16. Qxa7 O-O 17. Nbc3 Re8 18. Qb6 Bg6 19. Qxd8 Rxd8 20. Rc1
Ra8 21. Kf2 Kf8 22. Nf4 Bf5 23. g4 Bc8 24. Bd4 Bh4+ 25. Kg2 Nd7 26. Nd3 f5 27.
h3 fxg4 28. hxg4 Kg8 29. Ne4 Nf6 30. Nxf6+ gxf6 31. Kh3 Bg5 32. f4 Bh6 33. Bxf6
Kf7 34. Bd4 Ke6 35. Kg3 Kd5 36. Be5 Bd7 37. Rh1 Bxf4+ 38. Bxf4 Rg8 39. c4+ Ke6
40. Nc5+ 1-0

[Event "Championnat de France - Open C"]
[Site "Nimes"]
[Date "2009.08.14"]
[Round "4.6"]
[White "Lemaire, Olivier"]
[Black "Dell'Unto, Anthony"]
[Result "0-1"]
[WhiteElo "1710"]
[BlackElo "1730"]
[PlyCount "122"]
[EventDate "2009.??.??"]

1. d4 Nf6 2. Bf4 d6 3. e3 g6 4. Bd3 Bg7 5. Nf3 Nbd7 6. Nbd2 c6 7. c3 Qc7 8. O-O
e5 9. dxe5 dxe5 10. Bg3 O-O 11. Qc2 Nh5 12. Bc4 Nxg3 13. hxg3 Kh8 14. Ng5 Nb6
15. f4 Nxc4 16. Nxc4 Bg4 17. Nxe5 Bxe5 18. fxe5 h6 19. Nf3 Bxf3 20. gxf3 Qxe5
21. Kf2 Rfe8 22. Rfe1 Kg7 23. Rad1 h5 24. Rd4 c5 25. Re4 Qf5 26. Qa4 b5 27.
Rxe8 bxa4 28. Rxa8 a3 29. bxa3 Qh3 30. Rg1 Qd7 31. Re1 Qh3 32. Rg1 Qd7 33. Re1
Qb7 34. Rd8 Qb2+ 35. Re2 Qxc3 36. Rdd2 Qxa3 37. Rc2 Qb4 38. Kg2 Kf6 39. Kf2 a5
40. Rb2 Qa4 41. Re1 Ke6 42. Rc1 c4 43. Rd2 Qb4 44. Ke2 a4 45. Rdc2 Kd5 46. Rd2+
Kc6 47. Rdc2 Kb5 48. Rc3 a3 49. R3c2 Qa4 50. Rc3 Kc5 51. R3c2 Qa6 52. f4 Qe6
53. Kf2 Qe4 54. Rd2 f6 55. Rd4 Qe6 56. Ke2 g5 57. Kf3 h4 58. g4 h3 59. Rdxc4+
Qxc4 60. Rxc4+ Kxc4 61. e4 gxf4 0-1

[Event "Championnat de France - Open C"]
[Site "Nimes"]
[Date "2009.08.14"]
[Round "4.7"]
[White "Prieur, Axel"]
[Black "Romero, Vladimir"]
[Result "0-1"]
[WhiteElo "1698"]
[BlackElo "1730"]
[PlyCount "42"]
[EventDate "2009.??.??"]

1. d4 Nf6 2. Bg5 Ne4 3. Bh4 g5 4. f3 gxh4 5. fxe4 c5 6. e3 Bh6 7. Qd3 Qb6 8. b3
Nc6 9. c3 d6 10. Nd2 Bd7 11. O-O-O O-O 12. g3 Rfc8 13. Nc4 Qa6 14. Kb2 b5 15.
dxc5 bxc4 16. Qd5 Be6 17. Qh5 Bg7 18. cxd6 exd6 19. Rxd6 Rd8 20. Qc5 Rxd6 21.
Qxd6 Rd8 0-1

[Event "Championnat de France - Open C"]
[Site "Nimes"]
[Date "2009.08.14"]
[Round "4.8"]
[White "Gagnepain, Laurent"]
[Black "Duff, Rufus"]
[Result "1-0"]
[WhiteElo "1726"]
[BlackElo "1590"]
[PlyCount "41"]
[EventDate "2009.??.??"]

1. d4 d5 2. Nf3 Nf6 3. c4 c6 4. cxd5 cxd5 5. Nc3 Nc6 6. Bf4 Bf5 7. e3 e6 8. Bb5
Be7 9. Ne5 Qb6 10. Qa4 Rc8 11. Bg5 h6 12. Bh4 a6 13. Bxc6+ bxc6 14. O-O Qb7 15.
Qb3 Qc7 16. Na4 c5 17. Nxc5 Bxc5 18. Rfc1 Qd6 19. Bg3 Ne4 20. Nxf7 Qe7 21. Nxh8
1-0

[Event "Championnat de France - Open C"]
[Site "Nimes"]
[Date "2009.08.14"]
[Round "4.9"]
[White "Desgranges, Christophe"]
[Black "Pouchon, Joffrey"]
[Result "1-0"]
[WhiteElo "1700"]
[BlackElo "1798"]
[PlyCount "59"]
[EventDate "2009.??.??"]

1. d4 d5 2. c4 e6 3. Nc3 Nf6 4. cxd5 exd5 5. Bg5 c6 6. e3 Be7 7. Bd3 Nbd7 8.
Qc2 h6 9. Bh4 O-O 10. Nge2 Re8 11. O-O Nf8 12. f3 c5 13. dxc5 Bxc5 14. Bf2 Bxe3
15. Bxe3 Rxe3 16. Nd4 Bd7 17. Rad1 Qb6 18. Qf2 Ree8 19. Rd2 Ne6 20. Nce2 Nxd4
21. Nxd4 Rac8 22. Rfd1 a6 23. Kh1 Rc7 24. Kg1 Rec8 25. Kh1 Rc1 26. Kg1 Kf8 27.
Kh1 Rxd1+ 28. Rxd1 Re8 29. Kg1 Qc5 30. Ne6+ 1-0

[Event "Championnat de France - Open C"]
[Site "Nimes"]
[Date "2009.08.14"]
[Round "4.10"]
[White "Cepisul, Kenny"]
[Black "Scherrer, Gilles"]
[Result "1-0"]
[WhiteElo "1720"]
[BlackElo "1753"]
[PlyCount "55"]
[EventDate "2009.??.??"]

1. d4 Nf6 2. c4 g6 3. Nc3 Bg7 4. e4 d6 5. Be3 O-O 6. Be2 e5 7. d5 Ne8 8. g4 c6
9. h4 cxd5 10. cxd5 f5 11. gxf5 gxf5 12. exf5 Bxf5 13. Bg4 Bxg4 14. Qxg4 Nf6
15. Qg2 Kh8 16. Nf3 Qa5 17. Rg1 Ne8 18. Ng5 Nd7 19. h5 Rf6 20. h6 Rg6 21. hxg7+
Nxg7 22. Rh1 Kg8 23. Qh3 h6 24. Nge4 Nf6 25. Nxf6+ Rxf6 26. Bxh6 Nf5 27. Rg1+
Kf7 28. Rg7+ 1-0

[Event "Championnat de France - Open C"]
[Site "Nimes"]
[Date "2009.08.15"]
[Round "5.1"]
[White "Romero, Vladimir"]
[Black "Macon, Arthur"]
[Result "1/2-1/2"]
[WhiteElo "1730"]
[BlackElo "1791"]
[PlyCount "116"]
[EventDate "2009.??.??"]

1. e4 c6 2. d4 d5 3. Nc3 dxe4 4. Nxe4 Nd7 5. Ng5 Ngf6 6. Bd3 e6 7. N1f3 Bd6 8.
Qe2 h6 9. Ne4 Nxe4 10. Qxe4 Nf6 11. Qe2 Qc7 12. Bd2 b6 13. O-O-O Bb7 14. Kb1
O-O-O 15. Ba6 Rhe8 16. Rhe1 Nd5 17. Bxb7+ Kxb7 18. g3 Ne7 19. Ne5 Nf5 20. Bc3
Bxe5 21. dxe5 Ne7 22. b3 Nd5 23. Bb2 Ne7 24. Qf3 Ng6 25. Qe2 Rxd1+ 26. Rxd1 Rd8
27. f4 Rxd1+ 28. Qxd1 Kc8 29. c4 Ne7 30. Kc2 Nf5 31. Qf3 Qd7 32. Qe4 h5 33. Bc3
Kc7 34. Qf3 g6 35. Qe4 Qe7 36. b4 Nh6 37. h3 Nf5 38. g4 hxg4 39. hxg4 Nh6 40.
g5 Nf5 41. a4 Qe8 42. b5 Ne7 43. Bb4 c5 44. Be1 Qh8 45. Qg2 Qh5 46. Kd2 Nf5 47.
Bf2 Kd7 48. Qb7+ Ke8 49. Qb8+ Ke7 50. Qxa7+ Kf8 51. Qxb6 Qf3 52. Qxc5+ Kg7 53.
Be3 Qg2+ 54. Kc3 Qe2 55. Bf2 Qd1 56. Qa7 Qc1+ 57. Kb4 Qd2+ 58. Kb3 Qd3+ 1/2-1/2

[Event "Championnat de France - Open C"]
[Site "Nimes"]
[Date "2009.08.15"]
[Round "5.2"]
[White "Malassagne, Jerome"]
[Black "Salgues, Michel"]
[Result "1-0"]
[WhiteElo "1710"]
[BlackElo "1733"]
[PlyCount "57"]
[EventDate "2009.??.??"]

1. d4 e6 2. Nf3 b6 3. g3 Nf6 4. Bg2 d5 5. O-O Ne4 6. Nbd2 Be7 7. c3 O-O 8. Nxe4
dxe4 9. Nd2 f5 10. Nc4 Bd6 11. Qb3 Kh8 12. Nxd6 cxd6 13. f3 d5 14. Bf4 Nc6 15.
Qa3 g5 16. Bxg5 Qe8 17. fxe4 Bb7 18. exd5 Na5 19. e4 Nc4 20. Qb4 Rc8 21. b3 a5
22. Qe7 Qxe7 23. Bxe7 Nd2 24. Rf2 Rfe8 25. Bf6+ Kg8 26. Rxd2 fxe4 27. d6 Red8
28. Bxd8 Rxd8 29. Re1 1-0

[Event "Championnat de France - Open C"]
[Site "Nimes"]
[Date "2009.08.15"]
[Round "5.3"]
[White "Dell'Unto, Anthony"]
[Black "Gagnepain, Laurent"]
[Result "1-0"]
[WhiteElo "1730"]
[BlackElo "1726"]
[PlyCount "77"]
[EventDate "2009.??.??"]

1. c4 f5 2. d4 g6 3. Nc3 Nf6 4. g3 Bg7 5. Bg2 O-O 6. e4 d6 7. exf5 Bxf5 8. Bxb7
Nbd7 9. Bxa8 Qxa8 10. Qf3 Be4 11. Nxe4 Nxe4 12. Bf4 e5 13. Nh3 exf4 14. Qg4
Nef6 15. Qe6+ Kh8 16. O-O-O Re8 17. Qf7 Qd8 18. Rhe1 Rf8 19. Qe6 fxg3 20. Ng5
Bh6 21. f4 Bxg5 22. fxg5 Re8 23. Qf7 Rf8 24. Qe7 Re8 25. Qxd8 Rxd8 26. gxf6
Nxf6 27. hxg3 d5 28. Re7 dxc4 29. Rxc7 Ne4 30. Rh1 Ng5 31. Rxc4 Ne4 32. g4 Nf2
33. Rg1 Rd5 34. Kd2 a5 35. Ke3 Nh3 36. Rg3 Ng5 37. Rc5 Rxc5 38. dxc5 Ne6 39. c6
1-0

[Event "Championnat de France - Open C"]
[Site "Nimes"]
[Date "2009.08.15"]
[Round "5.4"]
[White "Cepisul, Desire"]
[Black "Lancelot, Renaud"]
[Result "1-0"]
[WhiteElo "1755"]
[BlackElo "1710"]
[PlyCount "65"]
[EventDate "2009.??.??"]

1. d4 d5 2. c4 c6 3. Nc3 Nf6 4. Bg5 dxc4 5. e3 e6 6. Bxc4 Bb4 7. Nge2 Nbd7 8.
a3 Be7 9. Rc1 O-O 10. O-O b5 11. Ba2 Bb7 12. Qd3 a6 13. Rfd1 Nd5 14. Bb1 f5 15.
Bxe7 Qxe7 16. e4 fxe4 17. Nxe4 N5f6 18. Nc5 Nxc5 19. Rxc5 Rad8 20. b4 a5 21.
Nf4 axb4 22. axb4 Ra8 23. Re1 Qf7 24. Nxe6 Rfe8 25. Rce5 Bc8 26. Ng5 Rxe5 27.
dxe5 Qe7 28. Kf1 g6 29. exf6 Qxf6 30. Re8+ Kg7 31. Qe3 Ra1 32. Re7+ Kf8 33.
Nxh7+ 1-0

[Event "Championnat de France - Open C"]
[Site "Nimes"]
[Date "2009.08.15"]
[Round "5.5"]
[White "Cepisul, Kenny"]
[Black "Kouatly, Sami"]
[Result "1-0"]
[WhiteElo "1720"]
[BlackElo "1747"]
[PlyCount "51"]
[EventDate "2009.??.??"]

1. d4 Nf6 2. c4 g6 3. Nc3 d5 4. Nf3 Bg7 5. Bf4 O-O 6. h3 Bf5 7. e3 Re8 8. Qb3
b6 9. cxd5 Ne4 10. Nb5 Na6 11. Rc1 Nf6 12. Bc4 Rf8 13. O-O Be4 14. Nc3 Bxf3 15.
gxf3 Nb8 16. Rfd1 Qd7 17. Bf1 Rd8 18. e4 Nh5 19. Be3 c6 20. Kg2 cxd5 21. Nxd5
Nc6 22. Rxc6 e6 23. Nb4 a5 24. Rxb6 axb4 25. Rxb4 Rf8 26. Rb7 1-0

[Event "Championnat de France - Open C"]
[Site "Nimes"]
[Date "2009.08.15"]
[Round "5.6"]
[White "Baroudel, Hadrien"]
[Black "Vyvyan, Philippe"]
[Result "1/2-1/2"]
[WhiteElo "1709"]
[BlackElo "1738"]
[PlyCount "93"]
[EventDate "2009.??.??"]

1. e4 c5 2. Nc3 d6 3. g3 Nc6 4. Bg2 g6 5. d3 Bg7 6. Be3 e6 7. Qd2 h6 8. f4 Nge7
9. Nf3 Nd4 10. Nd1 b6 11. c3 Nxf3+ 12. Bxf3 Bb7 13. O-O d5 14. Qc2 d4 15. Bd2
O-O 16. c4 a5 17. b3 Qd7 18. a3 Bc6 19. Nb2 Qb7 20. Qd1 f5 21. e5 Bxf3 22. Qxf3
Qxf3 23. Rxf3 Rfc8 24. Rff1 Nc6 25. Kf2 Bf8 26. h3 Be7 27. g4 g5 28. Rg1 Kf7
29. gxf5 exf5 30. fxg5 Nxe5 31. gxh6 Bh4+ 32. Ke2 Re8 33. Kd1 Kf6 34. b4 Nf3
35. Rf1 Nxd2 36. Kxd2 Bg5+ 37. Kc2 Re2+ 38. Kb3 Bxh6 39. Rae1 Rae8 40. Rxe2
Rxe2 41. bxc5 bxc5 42. Na4 Bf8 43. Nb6 Bd6 44. Ka4 Ra2 45. Rf3 Kg5 46. Nd5 f4
47. Kxa5 1/2-1/2

[Event "Championnat de France - Open C"]
[Site "Nimes"]
[Date "2009.08.15"]
[Round "5.7"]
[White "Desgranges, Christophe"]
[Black "Lagache, Yves"]
[Result "0-1"]
[WhiteElo "1700"]
[BlackElo "1734"]
[PlyCount "62"]
[EventDate "2009.??.??"]

1. d4 Nf6 2. c4 g6 3. Nc3 d5 4. Bf4 Bg7 5. e3 O-O 6. Qb3 dxc4 7. Bxc4 Nc6 8.
Qd1 Bf5 9. Nf3 Nb4 10. Rc1 c5 11. O-O cxd4 12. Nxd4 Bc8 13. Qf3 Ne8 14. Rfd1
Qb6 15. Bg3 e5 16. Nb3 Nd6 17. Na4 Qc7 18. Bd5 Qe7 19. Nc3 Kh8 20. a3 Nxd5 21.
Nxd5 Qd8 22. Rc7 Be6 23. Rdc1 e4 24. Qd1 Nf5 25. R7c5 Nxg3 26. hxg3 b6 27. Rb5
a6 28. Nxb6 Qxd1+ 29. Rxd1 axb5 30. Nxa8 Bxb3 31. Rd7 Rxa8 0-1

[Event "Championnat de France - Open C"]
[Site "Nimes"]
[Date "2009.08.15"]
[Round "5.8"]
[White "Perraut, Arnaud"]
[Black "Boissezon, Michel"]
[Result "0-1"]
[WhiteElo "1681"]
[BlackElo "1724"]
[PlyCount "116"]
[EventDate "2009.??.??"]

1. Nf3 Nf6 2. c4 g6 3. Nc3 Bg7 4. d4 O-O 5. e4 d6 6. Be2 e5 7. dxe5 dxe5 8.
Qxd8 Rxd8 9. Nxe5 Nxe4 10. Nxe4 Bxe5 11. Rb1 Nc6 12. Bg5 Re8 13. Nf6+ Bxf6 14.
Bxf6 Bf5 15. Rc1 Re6 16. Bc3 Rae8 17. O-O Rxe2 18. Rfd1 Rd8 19. b4 Rxd1+ 20.
Rxd1 Re8 21. h3 a6 22. f3 Kf8 23. g4 Be6 24. b5 axb5 25. cxb5 Ne7 26. Rd2 f5
27. Bb4 Kf7 28. Bxe7 Rxe7 29. Kf2 fxg4 30. hxg4 Bc4 31. Rb2 g5 32. a3 Kf6 33.
Rb4 Re2+ 34. Kg3 Rc2 35. a4 b6 36. Rb1 Rc3 37. Ra1 Be2 38. a5 bxa5 39. Rxa5
Rxf3+ 40. Kg2 Rd3 41. Ra7 Bxg4 42. Rxc7 h5 43. b6 Rb3 44. Rc6+ Ke5 45. Rc5+ Kf6
46. Rc6+ Be6 47. Rd6 Ke5 48. Rd2 Rxb6 49. Re2+ Kf5 50. Kh2 Ra6 51. Re3 Kg6 52.
Kg1 h4 53. Kh2 g4 54. Kg1 Kg5 55. Kg2 Bf5 56. Rc3 h3+ 57. Kg3 Ra2 58. Rc2 Bxc2
0-1

[Event "Championnat de France - Open C"]
[Site "Nimes"]
[Date "2009.08.15"]
[Round "5.9"]
[White "Buclon, Francois"]
[Black "Bossey, Kevin"]
[Result "1-0"]
[WhiteElo "1710"]
[BlackElo "1790"]
[PlyCount "119"]
[EventDate "2009.??.??"]

1. e4 c6 2. d4 d5 3. Nc3 e6 4. Nf3 Bb4 5. e5 h6 6. a3 Ba5 7. b4 Bc7 8. Bd3 Nd7
9. O-O a5 10. Be3 b5 11. Nd2 Ne7 12. Nb3 a4 13. Nc5 Nxc5 14. bxc5 Nf5 15. Qd2
Ba5 16. Bxf5 exf5 17. Qd3 Ba6 18. Ne2 Qc8 19. Qd1 g5 20. f4 Rg8 21. fxg5 hxg5
22. Bd2 Bxd2 23. Qxd2 f4 24. Kh1 Qg4 25. Ng1 Rh8 26. Rf3 Bc8 27. Rh3 Rxh3 28.
Nxh3 Bf5 29. Nf2 Qh5 30. Re1 Qh6 31. Qc3 g4 32. Kg1 Qg6 33. Nh1 Bxc2 34. Rf1 f3
35. g3 Be4 36. Nf2 Qf5 37. Qe3 Kd7 38. Nxe4 Qxe4 39. Qxe4 dxe4 40. Re1 f5 41.
exf6 Re8 42. f7 f2+ 43. Kxf2 Rf8 44. Rxe4 Rxf7+ 45. Kg2 Rg7 46. Rf4 Ke6 47. h4
gxh3+ 48. Kxh3 Kd5 49. g4 Kc4 50. Kh4 Kb3 51. Rf6 Kxa3 52. Rxc6 b4 53. Rb6 b3
54. c6 b2 55. d5 Rg6 56. Rb8 Rg8 57. c7 Ka2 58. d6 b1=Q 59. Rxb1 Kxb1 60. d7
1-0

[Event "Championnat de France - Open C"]
[Site "Nimes"]
[Date "2009.08.15"]
[Round "5.10"]
[White "Vella, Cedric"]
[Black "Artiaga, Harold"]
[Result "1-0"]
[WhiteElo "1699"]
[BlackElo "1779"]
[PlyCount "127"]
[EventDate "2009.??.??"]

1. d4 d5 2. c4 c6 3. Nc3 Nf6 4. Bg5 e6 5. e3 Nbd7 6. Nf3 Bd6 7. Bd3 O-O 8. O-O
a6 9. a4 a5 10. Rc1 Be7 11. Qc2 h6 12. Bh4 dxc4 13. Bxc4 Nd5 14. Bxe7 Qxe7 15.
Nxd5 exd5 16. Bd3 Nf6 17. Ne5 Ng4 18. Nf3 h5 19. Qc5 Qxc5 20. Rxc5 Nf6 21. h3
Re8 22. Nd2 Bd7 23. Rb1 g5 24. b4 axb4 25. Rxb4 g4 26. hxg4 hxg4 27. g3 Ra7 28.
Rc1 Rea8 29. Bc2 Ne8 30. e4 dxe4 31. Nxe4 Bf5 32. Nc5 Bxc2 33. Rxc2 Nf6 34.
Rcb2 Nd5 35. Rxb7 Nc3 36. Rxa7 Rxa7 37. Rb4 Nd5 38. Rb7 Ra5 39. Rb8+ Kg7 40.
Rc8 Ne7 41. Rc7 Kf6 42. Kf1 Ra8 43. Ke2 Rd8 44. Kd3 Ra8 45. Kc4 Ra5 46. Kb4 Ra8
47. Nd7+ Ke6 48. Nb6 Nd5+ 49. Nxd5 Kxd5 50. Rxf7 Rb8+ 51. Kc3 Ra8 52. Rf5+ Ke4
53. Rf4+ Kd5 54. Kb3 Rb8+ 55. Ka3 Kc4 56. Rxg4 Kc3 57. Rg6 Rb6 58. f4 Kc2 59.
a5 Rb5 60. Rxc6+ Kd3 61. Ka4 Rd5 62. a6 Rxd4+ 63. Kb5 Ke4 64. a7 1-0

[Event "Championnat de France - Open C"]
[Site "Nimes"]
[Date "2009.08.16"]
[Round "6.1"]
[White "Malassagne, Jerome"]
[Black "Dell'Unto, Anthony"]
[Result "0-1"]
[WhiteElo "1710"]
[BlackElo "1730"]
[PlyCount "97"]
[EventDate "2009.??.??"]

1. d4 Nf6 2. Nf3 d6 3. g3 c5 4. c3 Nc6 5. dxc5 dxc5 6. Qxd8+ Kxd8 7. Bg2 Bf5 8.
O-O e6 9. Bg5 h6 10. Bxf6+ gxf6 11. Na3 a6 12. Rad1+ Kc7 13. Nh4 Bh7 14. Nc4
Be7 15. Rd2 b5 16. Ne3 Rad8 17. Rfd1 Rxd2 18. Rxd2 Rd8 19. Rxd8 Bxd8 20. Ng4 h5
21. Ne3 Bb1 22. a3 b4 23. axb4 cxb4 24. Nd1 Bc2 25. Ne3 bxc3 26. bxc3 Bb3 27.
Nf3 f5 28. Nd2 Ba4 29. Bf3 Bf6 30. c4 h4 31. Kg2 Ne5 32. Bh5 Kd6 33. f4 Ng6 34.
Bf3 Bd4 35. Nxf5+ exf5 36. Bd5 Bc6 37. Bxc6 Kxc6 38. Kh3 hxg3 39. Kxg3 Be3 40.
Nb3 Bxf4+ 41. Kh3 Ne5 42. Nd4+ Kc5 43. Nxf5 a5 44. e3 Bg5 45. Kg2 a4 46. h4
Bxh4 47. Nxh4 a3 48. Nf5 a2 49. Nd4 0-1

[Event "Championnat de France - Open C"]
[Site "Nimes"]
[Date "2009.08.16"]
[Round "6.2"]
[White "Macon, Arthur"]
[Black "Cepisul, Kenny"]
[Result "1-0"]
[WhiteElo "1791"]
[BlackElo "1720"]
[PlyCount "119"]

1. d4 d5 2. c4 e6 3. Nc3 Nf6 4. cxd5 exd5 5. Bg5 c6 6. e3 Nbd7 7. Bd3 Qa5 8.
Qc2 Bd6 9. Nge2 c5 10. dxc5 Bxc5 11. O-O O-O 12. Rfd1 Be7 13. Nd4 Re8 14. Nb3
Qc7 15. Bf4 Qc6 16. Nd4 Qc5 17. b4 Qxb4 18. Rab1 Qa5 19. Ncb5 Bd8 20. Bc7 Nb6
21. Rb3 Bxc7 22. Nxc7 Bg4 23. Nxe8 Rxe8 24. f3 Bd7 25. Qd2 Qc5 26. Rc3 Qd6 27.
Qf2 Na4 28. Rcc1 Qa3 29. Nb5 Qb2 30. Re1 Qb4 31. Nd4 Nc5 32. Bb1 Qa3 33. Qd2
Ne6 34. Nxe6 Bxe6 35. Qc3 Qa6 36. Qd3 Qb6 37. Qb3 Qa6 38. Bd3 Qa5 39. Qxb7 Qxa2
40. Qb1 Qa5 41. Bf5 Bxf5 42. Qxf5 h6 43. Qd3 Qb6 44. Qd4 Qb7 45. Ra1 Ra8 46.
Rec1 Nd7 47. Qf4 Nf6 48. Rc7 Qb2 49. Rac1 g5 50. Qd4 Rb8 51. Qxb2 Rxb2 52. Rxa7
g4 53. Rcc7 gxf3 54. gxf3 Rb6 55. Rxf7 Ne8 56. Rfb7 Rg6+ 57. Kf2 Rf6 58. Ra8
Re6 59. Rbb8 Kf7 60. Rxe8 1-0

[Event "Championnat de France - Open C"]
[Site "Nimes"]
[Date "2009.08.16"]
[Round "6.3"]
[White "Boissezon, Michel"]
[Black "Cepisul, Desire"]
[Result "0-1"]
[WhiteElo "1724"]
[BlackElo "1755"]
[PlyCount "86"]
[EventDate "2009.??.??"]

1. d4 d5 2. c4 e6 3. Nc3 c6 4. e3 Nf6 5. Nf3 Bb4 6. Bd2 a6 7. a3 Be7 8. Qc2
Nbd7 9. cxd5 exd5 10. Bd3 Nf8 11. h3 Ng6 12. O-O Be6 13. Ng5 Bd7 14. e4 dxe4
15. Ngxe4 O-O 16. Ng3 Rc8 17. Rad1 Qb6 18. Be3 Nd5 19. Na4 Qc7 20. Nc5 Bxc5 21.
Qxc5 Nxe3 22. fxe3 Qxg3 23. Rf3 Qc7 24. Rdf1 Be6 25. Kf2 Rcd8 26. b4 Rd5 27.
Qc2 Qe7 28. Rh1 Rfd8 29. g3 Qd7 30. Kg2 Rh5 31. h4 Ne5 32. Rf4 Nxd3 33. Qxd3
Rf5 34. Rhf1 Rxf4 35. Rxf4 Qd5+ 36. Kg1 Qc4 37. Qd2 c5 38. bxc5 Qxc5 39. Qb2
Qc4 40. Qxb7 Qc1+ 41. Kf2 Qd2+ 42. Kg1 Qxe3+ 43. Rf2 Qe1+ 0-1

[Event "Championnat de France - Open C"]
[Site "Nimes"]
[Date "2009.08.16"]
[Round "6.4"]
[White "Lagache, Yves"]
[Black "Romero, Vladimir"]
[Result "0-1"]
[WhiteElo "1734"]
[BlackElo "1730"]
[PlyCount "74"]
[EventDate "2009.??.??"]

1. d4 Nf6 2. Bg5 Ne4 3. Bf4 c5 4. f3 Qa5+ 5. c3 Nf6 6. Nd2 cxd4 7. Nb3 Qd8 8.
Bxb8 Rxb8 9. Qxd4 a6 10. e4 d6 11. e5 dxe5 12. Qxe5 Nd7 13. Qf4 e5 14. Qd2 Be7
15. Nh3 O-O 16. Bd3 Qc7 17. Qc2 h6 18. O-O-O Nc5 19. Nxc5 Bxc5 20. Nf2 Be6 21.
g4 Bxa2 22. b4 Bxf2 23. Kb2 Bc4 24. Qxf2 Rfd8 25. Be2 Rbc8 26. Qe3 Bxe2 27.
Rxd8+ Rxd8 28. Qxe2 Qd6 29. Kc2 Qd5 30. c4 Qd4 31. Rd1 Qxd1+ 32. Qxd1 Rxd1 33.
Kxd1 Kf8 34. Ke2 Ke8 35. Ke3 Ke7 36. Ke4 Ke6 37. h4 g6 0-1